000
00322nam a22001337a 4500
008
190206b xxu||||| |||| 00| 0 eng d
020
_a
9780801662973
041
_a
eng
080
_2
11th
_a
615.83
100
_a
8
101
_a
EGZ
245
_a
Foundations of Physical Education and sport
_c
Wuest,D.A
942
_2
udc
_c
BK
999
_c
54106
_d
54106